|
|
|
|
| LEADER |
01055cam a2200205 7i4500 |
| 001 |
0000022953 |
| 005 |
20140116090000.0 |
| 090 |
0 |
0 |
|a DS579.2
|b .A98 1969
|
| 100 |
0 |
|
|a Abdul Razak Dato' Hussein,
|c Tun Haji,
|d 1922-1976
|
| 245 |
1 |
0 |
|a Strategy for action :
|b the selected speeches of Tun Haji Abdul Razak bin Dato' Hussein al-Haj ; preface by Tunku Tan Sri Mohamed bin Tunku Besar ; edited by J. Victor Morais.
|
| 260 |
|
|
|a Kuala Lumpur:
|b Malaysian Centre for Development Studies, Prime Minister's Department,
|c 1969.
|
| 300 |
|
|
|a xxxix, 517 p.:
|b ill.;
|c 22 cm.
|
| 600 |
0 |
0 |
|a Abdul Razak Dato' Hussein,
|c Tun Haji,
|d 1922-1976
|
| 651 |
|
0 |
|a Malaysia --
|x Economic policy
|
| 651 |
|
0 |
|a Malaysia --
|x Politics and government
|
| 700 |
0 |
|
|a Mohamed Tunku Besar Burhanuddin
|
| 700 |
1 |
|
|a Morais, John Victor
|
| 999 |
|
|
|a MRA0000467
|b BOK
|c MOHD RAZALI AGUS COLLECTION
|e Ground Floor, Bestari Jaya
|
| 999 |
|
|
|a MRA0000468
|b BOK
|c MOHD RAZALI AGUS COLLECTION
|e Ground Floor, Bestari Jaya
|
| 999 |
|
|
|a MRA0000469
|b BOK
|c MOHD RAZALI AGUS COLLECTION
|e Ground Floor, Bestari Jaya
|